Statistics for Premier League XIs 1998-99

Click here to take the quiz!

General Stats

  • This quiz has been taken 139 times
  • The average score is 78 of 220

Answer Stats

PositionAnswer% Correct
STAndrew ColeManchester United
92%
STMichael OwenLiverpool
92%
GKDavid SeamanArsenal
89%
STDennis BergkampArsenal
89%
STDwight YorkeManchester United
89%
GKPeter SchmeichelManchester United
89%
DFTony AdamsArsenal
89%
MFRoy KeaneManchester United
87%
STAlan ShearerNewcastle United
84%
DFGary NevilleManchester United
84%
MFPaul ScholesManchester United
84%
STRobbie FowlerLiverpool
84%
MFDavid BeckhamManchester United
82%
DFDenis IrwinManchester United
82%
MFPatrick VieiraArsenal
82%
DFAlan WrightAston Villa
79%
GKDavid JamesLiverpool
79%
STIan WrightWest Ham United
79%
DFLee DixonArsenal
79%
GKPaul JonesSouthampton
79%
DFStephen CarrTottenham Hotspur
79%
DFJaap StamManchester United
74%
DFJamie CarragherLiverpool
74%
MFMarc OvermarsArsenal
74%
MFNicky ButtManchester United
74%
MFEmmanuel PetitArsenal
71%
STGianfranco ZolaChelsea
71%
STLes FerdinandTottenham Hotspur
71%
STAlan SmithLeeds United
68%
STEmile HeskeyLeicester City
68%
MFRay ParlourArsenal
68%
DFRio FerdinandWest Ham United
68%
DFMartin KeownArsenal
66%
MFMatt Le TissierSouthampton
66%
STDion DublinAston Villa
63%
MFFrank LampardWest Ham United
63%
DFMarcel DesaillyChelsea
63%
STChris SuttonBlackburn Rovers
61%
DFNigel WinterburnArsenal
61%
STNicolas AnelkaArsenal
58%
DFSol CampbellTottenham Hotspur
58%
DFDes WalkerSheffield Wednesday
55%
DFGareth SouthgateAston Villa
55%
GKIan WalkerTottenham Hotspur
55%
STJimmy Floyd HasselbainkLeeds United
55%
MFPaul InceLiverpool
55%
GKShay GivenNewcastle United
55%
MFSteve McManamanLiverpool
55%
MFAndy JohnsonNottingham Forest
53%
MFDamien JohnsonBlackburn Rovers
53%
DFGary PallisterMiddlesbrough
53%
MFJohn RobinsonCharlton Athletic
53%
GKEd de GoeyChelsea
50%
DFGraeme Le SauxChelsea
50%
MFLee HendrieAston Villa
50%
MFDennis WiseChelsea
47%
MFGareth BarryAston Villa
47%
MFGary SpeedNewcastle United
47%
MFJamie RedknappLiverpool
47%
MFLee BowyerLeeds United
47%
STMark HughesSouthampton
47%
MFMichael HughesWimbledon
47%
GKNigel MartynLeeds United
47%
MFRob LeeNewcastle United
47%
MFDavid GinolaTottenham Hotspur
45%
MFIan TaylorAston Villa
45%
MFNeil LennonLeicester City
45%
MFRoberto Di MatteoChelsea
45%
MFSteve StoneNottingham Forest
45%
MFDarren AndertonTottenham Hotspur
42%
DFFrank LebœufChelsea
42%
MFHarry KewellLeeds United
42%
MFJesper BlomqvistManchester United
42%
MFPaul MersonAston Villa
42%
GKShaka HislopWest Ham United
42%
DFColin CooperMiddlesbrough
39%
MFGus PoyetChelsea
39%
DFIan HarteLeeds United
39%
DFIan PearceWest Ham United
39%
DFNeil RuddockWest Ham United
39%
GKNeil SullivanWimbledon
39%
MFDamien DuffBlackburn Rovers
37%
DFDave WatsonEverton
37%
MFGary McAllisterCoventry City
37%
STJohn HartsonWest Ham United
37%
GKMark SchwarzerMiddlesbrough
37%
MFNick BarmbyEverton
37%
MFRobbie SavageLeicester City
37%
DFSteve WatsonAston Villa
37%
STDarren HuckerbyCoventry City
34%
DFFrank SinclairLeicester City
34%
MFTim SherwoodBlackburn Rovers
34%
MFTrevor SinclairWest Ham United
34%
DFWarren BartonNewcastle United
34%
MFAndy RobertsWimbledon
32%
STBenito CarboneSheffield Wednesday
32%
DFDavid UnsworthEverton
32%
STJames BeattieSouthampton
32%
DFJonathan WoodgateLeeds United
32%
GKKasey KellerLeicester City
32%
MFMarc KellerWest Ham United
32%
STNoel WhelanCoventry City
32%
STPaulo WanchopeDerby County
32%
DFPhil BabbLiverpool
32%
MFRobbie EarleWimbledon
32%
DFStéphane HenchozBlackburn Rovers
32%
MFAlf-Inge HaalandLeeds United
29%
STChris ArmstrongTottenham Hotspur
29%
DFCraig ArmstrongNottingham Forest
29%
DFDanny MillsCharlton Athletic
29%
STJason EuellWimbledon
29%
MFMuzzy IzzetLeicester City
29%
MFChris Bart-WilliamsNottingham Forest
26%
DFClaus LundekvamSouthampton
26%
MFDan PetrescuChelsea
26%
STJulian JoachimAston Villa
26%
DFLucas RadebeLeeds United
26%
DFMatt ElliottLeicester City
26%
MFNolberto SolanoNewcastle United
26%
MFPaul GascoigneMiddlesbrough
26%
MFRobbie MustoeMiddlesbrough
26%
MFScot GemmillNottingham Forest
26%
DFSteve StauntonLiverpool
26%
DFSteve WalshLeicester City
26%
DFUgo EhioguAston Villa
26%
STDean SturridgeDerby County
24%
DFFrancis BenaliSouthampton
24%
MFJason WilcoxBlackburn Rovers
24%
DFJeff KennaBlackburn Rovers
24%
MFJohn CollinsEverton
24%
GKMagnus HedmanCoventry City
24%
MFPatrik BergerLiverpool
24%
DFRichard ShawCoventry City
24%
DFAlan RogersNottingham Forest
21%
DFAlbert FerrerChelsea
21%
DFCelestine BabayaroChelsea
21%
DFChris PowellCharlton Athletic
21%
STClive MendoncaCharlton Athletic
21%
MFDarryl PowellDerby County
21%
GKDave BeasantNottingham Forest
21%
STEgil ØstenstadSouthampton
21%
MFEyal BerkovicWest Ham United
21%
DFKen MonkouSouthampton
21%
MFMichael BallEverton
21%
GKMichael OakesAston Villa
21%
MFOlivier DacourtEverton
21%
GKPavel SrníčekSheffield Wednesday
21%
DFRichard RufusCharlton Athletic
21%
STSteffen IversenTottenham Hotspur
21%
DFSteve ChettleNottingham Forest
21%
MFSteve GuppyLeicester City
21%
GKThomas MyhreEverton
21%
STTony CotteeLeicester City
21%
DFAndy HinchcliffeSheffield Wednesday
18%
STAndy HuntCharlton Athletic
18%
STAshley WardBlackburn Rovers
18%
STBrian DeaneMiddlesbrough
18%
DFCallum DavidsonBlackburn Rovers
18%
DFChris PerryWimbledon
18%
DFDidier DomiNewcastle United
18%
MFDietmar HamannNewcastle United
18%
MFGeorge BoatengCoventry City
18%
DFJustin EdinburghTottenham Hotspur
18%
DFKenny CunninghamWimbledon
18%
MFLee CarsleyDerby County
18%
MFMark KinsellaCharlton Athletic
18%
DFNikos DabizasNewcastle United
18%
MFPaul TelferCoventry City
18%
STPierre van HooijdonkNottingham Forest
18%
GKRussell HoultDerby County
18%
GKSaša IlićCharlton Athletic
18%
MFAndy TownsendMiddlesbrough
16%
DFBen ThatcherWimbledon
16%
DFCraig ShortEverton
16%
DFGary BreenCoventry City
16%
DFGianluca FestaMiddlesbrough
16%
STHamilton RicardMiddlesbrough
16%
DFJason DoddSouthampton
16%
DFRoland NilssonCoventry City
16%
MFRory DelapDerby County
16%
MFRuel FoxTottenham Hotspur
16%
MFStephen GlassNewcastle United
16%
MFSteve LomasWest Ham United
16%
STAndy BoothSheffield Wednesday
13%
DFDarren PeacockBlackburn Rovers
13%
DFDavid BurrowsCoventry City
13%
GKJohn FilanBlackburn Rovers
13%
MFLars BohinenDerby County
13%
STMarcus GayleWimbledon
13%
MFMatt OakleySouthampton
13%
DFPeter AthertonSheffield Wednesday
13%
DFSpencer PriorDerby County
13%
DFSteve VickersMiddlesbrough
13%
DFVegard HeggemLiverpool
13%
MFDavid HopkinLeeds United
11%
DFDean BlackwellWimbledon
11%
DFDean GordonMiddlesbrough
11%
MFDon HutchisonEverton
11%
STDougie FreedmanNottingham Forest
11%
DFEddie YoudsCharlton Athletic
11%
DFHoracio CarbonariDerby County
11%
MFNiclas AlexanderssonSheffield Wednesday
11%
DFRobert MolenaarLeeds United
11%
DFStefan SchnoorDerby County
11%
MFWim JonkSheffield Wednesday
11%
DFAlan KimbleWimbledon
8%
MFAllan NielsenTottenham Hotspur
8%
DFCarl TilerCharlton Athletic
8%
STIbrahima BakayokoEverton
8%
MFPetter RudiSheffield Wednesday
8%
DFRob UllathorneLeicester City
8%
MFThierry BonalairNottingham Forest
8%
DFEmerson ThomeSheffield Wednesday
5%
DFJacob LaursenDerby County
5%
DFLaurent CharvetNewcastle United
5%
DFMarco MaterazziEverton
5%
DFScott HileySouthampton
5%
MFSteve FroggattCoventry City
5%
MFDanny SonnerSheffield Wednesday
3%
MFNeil RedfearnCharlton Athletic
3%

Score Distribution

Percentile by Number Answered

Percent of People with Each Score

Your Score History

You have not taken this quiz